00646nam a22002057a 4500003000500000005001700005008004100022010001000063011001000073035001000083040000900093100002300102245004700125260005900172300002100231490001400252650003300266711012700299830001400426CHAP20220329134838.0971013s1964 r 00010 d a26864 a27836 a31937 cCHAP00aKarplus, Walter J. aHybrid computation in engineering colleges aMéxico, D. F. :bCentro Nacional de Cálculo,c1964 a10 p.b; diagrs. aDoc. 32-B14aCalculadoras electrónicas.0 aCongreso Latinoamericano sobre la Computación Electrónica en la Enseñanza Profesionaln(1 :d1964 :cMéxico, D.F.)0 aDoc. 32-B